000 00426nam a22001697a 4500
003 OSt
005 20160728091806.0
008 160728b xxu||||| |||| 00| 0 eng d
020 _a0130840998
040 _cNA
050 _aQD21.2
_b.B782000
100 _aRoxy Wilson
245 _aSolution to Red Exercises Chemistry
_bThe Central Science
250 _a8th ed
260 _aLondon
_bPrentice Hall
_c2000
942 _2lcc
_cBK
999 _c254838
_d254837